Score 0/76 Timer 07:00
0 Plays Today
Name Cause of Death % Correct
Dorothy SheedyRapture
92%
Robert Carl MeinhardtMurdered During Robbery
91.1%
Keith Dwayne CharlesMurdered During Robbery
91.1%
Dorthy Kim SuShot During Robbery
90.9%
Matthew Clark HazenDisgruntled Office Massacre
90.3%
Martin JacobsDisgruntled Office Massacre
90.3%
Andrew Wayne MilneDisgruntled Office Massacre
90.3%
Harold MossbackNatural Causes
87.4%
Manuel 'Paco' Antonio Pedro BolinGangland Execution
85.9%
Anthony Christopher FinelliAccidental Gunshot
85.6%
Mildred 'Hattie' Effinger JonesNatural Causes
82.4%
Leticia Perfecta PerezNatural Causes
82.4%
DaddyNatural Causes
82.4%
James Dubois MarshallNatural Causes
82.4%
Edward Gordon GorodetskyCar Accident
82.3%
Coco Grimes GorodetskyCar Accident
82.3%
Michael Timothy GorodetskyCar Accident
82.3%
Amanda Lynn 'Mandy' GorodetskyCar Accident
82.3%
Loretta Smith SibleyIntentional Overdose
79.2%
Edith KirkyMurder by Hot Dog
77.4%
Bruno Baskerville WalshBad Trip Man...
76.4%
Daniel HolzenchenkoSelf-Induced Complications from Diabetes
76.3%
Paul Ronald DuncanMercy Killing
75.6%
Melinda Mary BlochFell Asleep in the Garage (suicide)
75.2%
Daniel Grant ShowalterDisgruntled Office Massacre (perpetrator, suicide)
75.1%
Ruth O'Connor FisherNatural Causes (unknown)
75%
David James FisherNatural Causes (unknown)
75%
Brenda ChenowithNatural Causes (unknown)
75%
Claire Simone FisherNatural Causes (unknown)
75%
Hector Federico DiazHeart Attack (presumably)
74.9%
Marcus Foster, Jr.Hate Crime
74.3%
Benjamin SrisaiHeart Attack
73.7%
Lila Simonds CoolidgeHeart Attack
73.7%
Peter Thomas BurnsHeart Attack
73.7%
Aaron BuchbinderPancreatic Cancer
72.9%
Bernard Asa ChenowithStomach Cancer
72.9%
Michael John PiperCancer and Pain Medication
72.8%
Joan MorrisonCancer
72.6%
Name Cause of Death % Correct
Jesse Ray JohnsonHoliday Themed Motorcycle Accident
72.1%
Lisa Kimmel FisherDrowned (murdered)
71.9%
Jonathan Arthur HanleyFrying Pan to the Head
70.8%
Nathaniel Samuel FisherCar Accident
70.6%
William Aaron JaffeDrove off Dirt Road
70.6%
Fiona Lenore KleinschmidtFell off a Cliff
67.8%
Matthew Heath CollinsBoat Propeller
61.4%
Callie Renee MortimerPrank Gone Awry
58.8%
Samuel Wayne HoviakRan Himself Over
58%
Pilar SandovalHit by Car while Roller Blading
54.8%
Joshua Peter LangmeadTwo-a-Days
54.5%
Emily PrevinChoked on TV Dinner
47.2%
Rebecca Leah MilfordCocaine Overdose
43.8%
Jean Louise McArthur 'Viveca St. John'Bathtub Electrocution
41.2%
Dillon Michael CooperSudden Infant Death Syndrome
37.9%
Lilian Grace MontroseGolf Ball to the Head
34.4%
Kenneth Macdonald HendersonSliced in Half by Elevator
32.3%
Jeffrey Marc ShapiroAutoerotic Asphyxiation Gone Awry
31.6%
Karen Postell PepperNose Bleed
31.3%
Laurence Hall MathesonCougar Attack!
30.1%
Anahid HovanessianBlue Ice
29.4%
Chandler James SwansonDiving Accident
28.1%
Edward TullyEarthquake Electrocution
28.1%
Nathaniel Samuel Fisher, Jr.Brain Hemorrhage
24.3%
Chloe Anne Bryant YorkinCherry Picker Decapitation
23.7%
Lawrence Henry MasonStruck by Lightning
22.3%
Kaitlin Elise StolteLaughed Herself to Death
21.8%
Lawrence TuttleComic Book Conundrum
20.9%
Thomas Alfredo RomanoSliced by Dough Mixer
19.5%
Carl Desmond WillimanExecuted (Lethal Injection)
19.4%
Dwight Edgar GarrisonLunchbox from Above
19%
Victor Wayne Kovitch, PFCGulf War Syndrome
18%
Robert Duane WethingAlcohol Poisoning
18%
Anne Marie ThorntonSlipped 'n' Sliced in the Shower
16.4%
Jeanette Louise BradfordBee Sting
16%
Andrea KuhnThe Dark Underbelly of Domestic Bliss
15.9%
David Raymond MonroeExhaustion
9.7%
Robert Lamar GiffinDilated Cardiomyopathy
7.7%
Remove Ads.
Support Sporcle.
Get the best of Sporcle when you Go Orange. This ad-free experience offers more features, more stats, and more fun while also helping to support Sporcle. Thank you for becoming a member.

You're not logged in!

Compare scores with friends on all Sporcle quizzes.
OR
Log In

Show Comments

Extras

Top Quizzes Today


Score Distribution

Your Account Isn't Verified!

In order to create a playlist on Sporcle, you need to verify the email address you used during registration. Go to your Sporcle Settings to finish the process.

Report this User

Report this user for behavior that violates our Community Guidelines.

Details: